00404nam a2200169Ia 4500003000400000005001700004008004100021020001800062040000700080041000800087082002300095100002100118245002700139260003900166300001500205365001400220OSt20230413123428.0210423s2008 xx 000 0 und d a9781412934152 cAL aeng a155.937223b MALB aMALLON (Brenda). aDying death and grief. aNew DelhibSage Publicationsc2008 aix,190bPB b1689cINR